[Event "Frankfurt-chA"]
[Site "Frankfurt"]
[Date "2019.06.03"]
[Round "6"]
[White "Rennhack, Peer"]
[Black "Zimmermann, Rolf"]
[Result "0-1"]
[WhiteElo "1873"]
[BlackElo "2025"]
[PlyCount "64"]
[EventDate "2019.04.29"]
[EventType "swiss"]
[EventRounds "7"]
[EventCountry "GER"]
[SourceTitle "EXT 2020"]
[Source "ChessBase"]
[SourceDate "2019.10.17"]
[SourceVersion "1"]
[SourceVersionDate "2019.10.17"]
[SourceQuality "1"]

1. e4 c6 2. d4 d5 3. e5 g6 4. Bg5 h6 5. Be3 h5 6. Nc3 Bf5 7. Bd3 Bxd3 8. Qxd3 e6 9. f4 Ne7 10. Nf3 Nf5 11. Bf2 Be7 12. 0-0-0 Nd7 13. h4 a6 14. Ng5 c5 15. dxc5 Bxc5 16. Bxc5 Nxc5 17. Qf3 Qc7 18. Nxd5 exd5 19. Rxd5 Ne6 20. Ne4 0-0 21. Nf6+ Kg7 22. Nxh5+ gxh5 23. Qxh5 Nh6 24. f5 Rad8 25. Rhd1 Rxd5 26. Rxd5 Rd8 27. Rxd8 Nxd8 28. Qg5+ Kh7 29. f6 Ne6 30. Qe3 Qc4 31. Qg3 Qf4+ 32. Qxf4 Nxf4 0-1

[Event "Frankfurt-chA"]
[Site "Frankfurt"]
[Date "2019.05.13"]
[Round "3"]
[White "Uwira, Oliver"]
[Black "Rennhack, Peer"]
[Result "1-0"]
[WhiteElo "2143"]
[BlackElo "1873"]
[PlyCount "71"]
[EventDate "2019.04.29"]
[EventType "swiss"]
[EventRounds "7"]
[EventCountry "GER"]
[SourceTitle "EXT 2020"]
[Source "ChessBase"]
[SourceDate "2019.10.17"]
[SourceVersion "1"]
[SourceVersionDate "2019.10.17"]
[SourceQuality "1"]

1. d4 Nf6 2. c4 g6 3. Nc3 Bg7 4. e4 d6 5. f3 0-0 6. Bg5 Nbd7 7. Qd2 c5 8. d5 Qa5 9. Nge2 a6 10. Nc1 Re8 11. Be2 Rb8 12. a4 Ne5 13. Ra3 e6 14. f4 Ned7 15. 0-0 exd5 16. exd5 Nf8 17. h3 Qc7 18. Bd3 Nh5 19. N1e2 f5 20. Raa1 Nf6 21. Rae1 Bd7 22. Bh4 b5 23. axb5 axb5 24. cxb5 c4 25. Bc2 Bxb5 26. Nd4 Bd7 27. Rxe8 Rxe8 28. Bf2 Qa5 29. Nc6 Bxc6 30. dxc6 Rd8 31. Qe2 d5 32. Qe7 Rc8 33. Ba4 Rc7 34. Qd8 Kf7 35. Nb5 Ne6 36. Nd6# 1-0

[Event "Wiesbaden op 25th"]
[Site "Wiesbaden"]
[Date "2013.08.25"]
[Round "6"]
[White "Rennhack, Peer"]
[Black "Seickel, Ralf"]
[Result "0-1"]
[WhiteElo "1915"]
[BlackElo "2051"]
[PlyCount "68"]
[EventDate "2013.08.22"]
[EventType "swiss"]
[EventRounds "7"]
[EventCountry "GER"]
[SourceTitle "CBM 156 Extra"]
[Source "ChessBase"]
[SourceDate "2013.10.22"]
[SourceVersion "1"]
[SourceVersionDate "2013.10.22"]
[SourceQuality "1"]

1. e4 c5 2. c3 d6 3. d4 Nf6 4. Bd3 Qc7 5. Ne2 g6 6. Bf4 e5 7. Bg5 Bg7 8. d5 0-0 9. Ng3 c4 10. Be2 a6 11. Nd2 b5 12. a4 Bb7 13. 0-0 Nbd7 14. b4 cxb3 15. Nxb3 bxa4 16. Rxa4 Nb6 17. Rb4 a5 18. Rb5 a4 19. Nd2 Ba6 20. Rb4 Nfd7 21. Bxa6 Rxa6 22. Ne2 Nc5 23. Be3 f5 24. f3 Nd3 25. Rb5 f4 26. Bf2 Nc4 27. Nxc4 Qxc4 28. Qb1 a3 29. Nc1 a2 30. Qb3 Qxb3 31. Nxb3 Rc8 32. Ra5 Rxa5 33. Nxa5 Rxc3 34. Ra1 Rc1+ 0-1

[Event "Rhein Main op-A 16th"]
[Site "Bad Homburg"]
[Date "2013.06.02"]
[Round "7"]
[White "Weil, Michael"]
[Black "Rennhack, Peer"]
[Result "1/2-1/2"]
[WhiteElo "2046"]
[BlackElo "1914"]
[PlyCount "105"]
[EventDate "2013.05.29"]
[EventType "swiss"]
[EventRounds "7"]
[EventCountry "GER"]
[SourceTitle "EXT 2014"]
[Source "ChessBase"]
[SourceDate "2013.11.20"]
[SourceVersion "1"]
[SourceVersionDate "2013.11.20"]
[SourceQuality "1"]

1. d4 Nf6 2. Nf3 g6 3. c3 Bg7 4. Bg5 0-0 5. Nbd2 d5 6. e3 b6 7. Ne5 Ne4 8. Bh4 Nxd2 9. Qxd2 Bb7 10. f4 c5 11. Bd3 cxd4 12. exd4 Qd6 13. 0-0 Nc6 14. Rae1 Nxe5 15. fxe5 Qd7 16. Bg5 f6 17. e6 Qa4 18. Bh6 Ba6 19. Bxg7 Kxg7 20. Bxa6 Qxa6 21. a3 b5 22. g4 Qd6 23. Rf3 h6 24. h4 f5 25. g5 h5 26. Re5 a5 27. Kg2 Ra6 28. Qe2 Rb6 29. Rf2 b4 30. axb4 axb4 31. Qf3 bxc3 32. bxc3 Rb3 33. Rxd5 Rxc3 34. Rxd6 Rxf3 35. Kxf3 exd6 36. d5 Rc8 37. Ke3 Rc4 38. Ra2 Rxh4 39. Ra6 Re4+ 40. Kf3 Kf8 41. Rxd6 Ke8 42. Rd7 h4 43. Rg7 Re5 44. Rxg6 Rxd5 45. Kf4 Ke7 46. Rh6 Ra5 47. Rf6 Rb5 48. Kf3 Ra5 49. Rh6 Ra3+ 50. Kf4 Ra5 51. Kf3 Ra3+ 52. Kf4 Ra5 53. Kf3 1/2-1/2

[Event "Frankfurt-chA"]
[Site "Frankfurt"]
[Date "2012.06.18"]
[Round "7"]
[White "Kayser, Felix"]
[Black "Rennhack, Peer"]
[Result "1-0"]
[WhiteElo "2251"]
[BlackElo "1820"]
[PlyCount "91"]
[EventDate "2012.04.30"]
[EventType "swiss"]
[EventRounds "7"]
[EventCountry "GER"]
[SourceTitle "EXT 2013"]
[Source "ChessBase"]
[SourceDate "2012.11.22"]
[SourceVersion "1"]
[SourceVersionDate "2012.11.22"]
[SourceQuality "1"]

1. e4 Nf6 2. e5 Nd5 3. d4 d6 4. c4 Nb6 5. exd6 exd6 6. Nc3 Be7 7. Bd3 0-0 8. Nge2 Bg4 9. f3 Bh4+ 10. Ng3 Re8+ 11. Nce2 Bd7 12. Qc2 h6 13. 0-0 Nc6 14. a3 d5 15. c5 Nc8 16. Bf4 Bf6 17. Rad1 Kh8 18. Bf5 N8e7 19. Bxd7 Qxd7 20. Qd3 Ng6 21. Bc1 Nd8 22. f4 Ne7 23. f5 b6 24. Nh5 Ng8 25. Nc3 Nc6 26. Qg3 bxc5 27. dxc5 Be5 28. Bf4 Qxf5 29. Bxe5 Qxe5 30. Rxf7 Qxg3 31. hxg3 Re5 32. Rxd5 Rxd5 33. Nxd5 Rd8 34. Ndf4 Ne5 35. Rxg7 Rd1+ 36. Kf2 Rd2+ 37. Ke3 Nc4+ 38. Kf3 Ne5+ 39. Ke4 Nf6+ 40. Kxe5 Nxh5 41. Nxh5 c6 42. Rxa7 Rd5+ 43. Kf6 Rxh5 44. Kg6 Rg5+ 45. Kxh6 Rxg3 46. Ra8+ 1-0

[Event "Rhein Main op-A 15th"]
[Site "Bad Homburg"]
[Date "2012.06.09"]
[Round "5"]
[White "Rennhack, Peer"]
[Black "Kolker, Vladislav"]
[Result "0-1"]
[WhiteElo "1943"]
[BlackElo "2059"]
[PlyCount "70"]
[EventDate "2012.06.06"]
[EventType "swiss"]
[EventRounds "7"]
[EventCountry "GER"]
[SourceTitle "EXT 2013"]
[Source "ChessBase"]
[SourceDate "2012.11.22"]
[SourceVersion "1"]
[SourceVersionDate "2012.11.22"]
[SourceQuality "1"]

1. e4 e5 2. Nf3 Nc6 3. Bb5 f5 4. Nc3 fxe4 5. Nxe4 d5 6. Nxe5 dxe4 7. Nxc6 Qd5 8. c4 Qd6 9. Qh5+ g6 10. Qe5+ Qxe5 11. Nxe5+ c6 12. Nxc6 a6 13. Ba4 Bd7 14. Na5 Bxa4 15. Nxb7 Rb8 16. Na5 Bg7 17. Nb3 Rc8 18. Na5 Bc2 19. 0-0 Bd3 20. Re1 Nf6 21. a4 0-0 22. h3 Nh5 23. b3 Bxa1 24. Ba3 Bd4 25. Bxf8 Rxf8 26. Re3 Nf4 27. Nc6 Bxe3 28. fxe3 Ne2+ 29. Kh2 Bc2 30. b4 Bxa4 31. Ne7+ Kg7 32. c5 Kf6 33. Nd5+ Ke5 34. Nb6 Bb5 35. h4 Nc1 0-1

[Event "Rhein Main op-A 15th"]
[Site "Bad Homburg"]
[Date "2012.06.07"]
[Round "3"]
[White "Rennhack, Peer"]
[Black "Opitz, Christian"]
[Result "0-1"]
[WhiteElo "1943"]
[BlackElo "2023"]
[PlyCount "60"]
[EventDate "2012.06.06"]
[EventType "swiss"]
[EventRounds "7"]
[EventCountry "GER"]
[SourceTitle "EXT 2013"]
[Source "ChessBase"]
[SourceDate "2012.11.22"]
[SourceVersion "1"]
[SourceVersionDate "2012.11.22"]
[SourceQuality "1"]

1. e4 e5 2. Nf3 Nc6 3. Bb5 a6 4. Ba4 Nf6 5. 0-0 Be7 6. Re1 b5 7. Bb3 d6 8. c3 0-0 9. h3 Na5 10. Bc2 c5 11. d4 Qc7 12. a4 Bd7 13. axb5 axb5 14. d5 c4 15. Be3 Nb7 16. Rxa8 Rxa8 17. Nbd2 Nc5 18. g4 g6 19. Bh6 Bf8 20. Bxf8 Kxf8 21. Nh2 Kg7 22. Ndf1 Ra2 23. Qc1 Qa5 24. Ng3 b4 25. Bb1 Nd3 26. Bxd3 cxd3 27. Nh5+ Nxh5 28. gxh5 bxc3 29. h6+ Kf8 30. bxc3 d2 0-1

[Event "Rhein Main op-A 15th"]
[Site "Bad Homburg"]
[Date "2012.06.06"]
[Round "1"]
[White "Rennhack, Peer"]
[Black "Kaiser, Richard"]
[Result "0-1"]
[WhiteElo "1943"]
[BlackElo "2150"]
[PlyCount "68"]
[EventDate "2012.06.06"]
[EventType "swiss"]
[EventRounds "7"]
[EventCountry "GER"]
[SourceTitle "EXT 2013"]
[Source "ChessBase"]
[SourceDate "2012.11.22"]
[SourceVersion "1"]
[SourceVersionDate "2012.11.22"]
[SourceQuality "1"]

1. e4 e5 2. Nf3 Nc6 3. Bb5 a6 4. Ba4 Nf6 5. 0-0 b5 6. Bb3 Be7 7. Re1 d6 8. h3 Na5 9. d4 exd4 10. Nxd4 c5 11. Nf5 Bxf5 12. Bxf7+ Kxf7 13. exf5 d5 14. g4 h6 15. Nd2 Nc6 16. Nf3 Ne4 17. Qe2 Bf6 18. c3 Re8 19. Be3 d4 20. cxd4 Nxd4 21. Nxd4 cxd4 22. Bf4 d3 23. Qf3 Qd5 24. Rac1 Rad8 25. Rc7+ Kg8 26. Kg2 Bxb2 27. g5 hxg5 28. Bxg5 Nf6 29. Qxd5+ Rxd5 30. Bxf6 Rxe1 31. Bxb2 d2 32. Rxg7+ Kf8 33. f6 b4 34. Rh7 Rg5+ 0-1

[Event "Karl Mala Memorial op 14th"]
[Site "Frankfurt"]
[Date "2011.07.09"]
[Round "5"]
[White "Rennhack, Peer"]
[Black "Fischer, Ulrich"]
[Result "1/2-1/2"]
[WhiteElo "1971"]
[BlackElo "1727"]
[PlyCount "115"]
[EventDate "2011.07.07"]
[EventType "swiss"]
[EventRounds "7"]
[EventCountry "GER"]
[SourceTitle "EXT 2012"]
[Source "ChessBase"]
[SourceDate "2011.11.24"]
[SourceVersion "1"]
[SourceVersionDate "2011.11.24"]
[SourceQuality "1"]

1. Nf3 d5 2. d4 Nf6 3. g3 Bg4 4. Bg2 e6 5. c4 c6 6. Ne5 Bh5 7. c5 Nbd7 8. Bf4 Be7 9. Nc3 0-0 10. h4 Nxe5 11. Bxe5 Nd7 12. Bf4 f6 13. Bh3 e5 14. Bxd7 Qxd7 15. Be3 exd4 16. Qxd4 f5 17. Bg5 Rae8 18. Kf1 Bf6 19. Bxf6 Rxf6 20. f3 Rfe6 21. Rh2 Qc7 22. Rg2 Qe5 23. Qxe5 Rxe5 24. Rd1 d4 25. Rxd4 Rxc5 26. Rd7 Rb8 27. Rf2 Rc4 28. e4 fxe4 29. fxe4 b5 30. e5 b4 31. Ne2 Re4 32. Nd4 c5 33. Nc6 Ra8 34. Ne7+ Kh8 35. Rxa7 Re8 36. Nc6 h6 37. Ra5 Rc4 38. a3 b3 39. Rb5 Bd1 40. Kg2 Rc2 41. Rxc2 bxc2 42. Rxc5 Rc8 43. a4 c1Q 44. Rxc1 Bxa4 45. Kf3 Rxc6 46. Ra1 Ra6 47. Ke3 Bb5 48. Rxa6 Bxa6 49. Kd4 Kg8 50. Kd5 Kf7 51. b4 h5 52. Kd6 Bb5 53. Kc5 Ba4 54. Kd6 g6 55. Kd5 Ke7 56. Ke4 Ke6 57. Kf4 Bb5 58. g4 1/2-1/2

[Event "Karl Mala Memorial op 14th"]
[Site "Frankfurt"]
[Date "2011.07.09"]
[Round "4"]
[White "Zalewski, Ulrich"]
[Black "Rennhack, Peer"]
[Result "1/2-1/2"]
[WhiteElo "1674"]
[BlackElo "1971"]
[PlyCount "86"]
[EventDate "2011.07.07"]
[EventType "swiss"]
[EventRounds "7"]
[EventCountry "GER"]
[SourceTitle "EXT 2012"]
[Source "ChessBase"]
[SourceDate "2011.11.24"]
[SourceVersion "1"]
[SourceVersionDate "2011.11.24"]
[SourceQuality "1"]

1. e4 Nf6 2. Nc3 d5 3. e5 Nfd7 4. d4 e6 5. f4 c5 6. Nf3 Nc6 7. Be3 cxd4 8. Nxd4 Bc5 9. Qd2 Qa5 10. a3 a6 11. Be2 Nxd4 12. Bxd4 b5 13. Bxc5 Nxc5 14. b4 Qb6 15. bxc5 Qxc5 16. Bf3 Bb7 17. Ne2 Rc8 18. c3 0-0 19. Qd4 Qe7 20. 0-0 Rc4 21. Qd2 Ra4 22. Qb2 Rc8 23. Rfd1 Rac4 24. Kf1 Qh4 25. h3 g5 26. fxg5 Qxg5 27. Rd4 Qxe5 28. Rxc4 Rxc4 29. Rd1 Qf6 30. Rd4 e5 31. Rxc4 dxc4 32. Kg1 Bxf3 33. gxf3 Qxf3 34. Qd2 h6 35. Kh2 Qd3 36. Qe1 Kh7 37. Qf2 f5 38. Qa7+ Kg6 39. Qg1+ Kf6 40. Qb6+ Kf7 41. Qc7+ Kf6 42. Qb6+ Kg5 43. Qg1+ Kf6 1/2-1/2

[Event "Karl Mala Memorial op 14th"]
[Site "Frankfurt"]
[Date "2011.07.08"]
[Round "2"]
[White "Rennhack, Peer"]
[Black "Engel, Berthold"]
[Result "1/2-1/2"]
[WhiteElo "1971"]
[BlackElo "2209"]
[PlyCount "61"]
[EventDate "2011.07.07"]
[EventType "swiss"]
[EventRounds "7"]
[EventCountry "GER"]
[SourceTitle "EXT 2012"]
[Source "ChessBase"]
[SourceDate "2011.11.24"]
[SourceVersion "1"]
[SourceVersionDate "2011.11.24"]
[SourceQuality "1"]

1. e4 Nc6 2. Nf3 d6 3. d4 Bg4 4. d5 Nb8 5. Be2 g6 6. h3 Bxf3 7. Bxf3 Bg7 8. h4 h5 9. c3 c5 10. Na3 Nd7 11. Bf4 a6 12. Qd2 b5 13. Nb1 Rb8 14. a4 b4 15. 0-0 Ngf6 16. Qe2 a5 17. e5 dxe5 18. Bxe5 Nxe5 19. Qxe5 0-0 20. c4 Ne8 21. Qe2 Nd6 22. Ra2 Nf5 23. g3 Re8 24. b3 e6 25. Qd3 Bd4 26. Kg2 exd5 27. Bxd5 Qd6 28. Be4 Nh6 29. Nd2 Ng4 30. Nf3 Ne5 31. Nxe5 1/2-1/2

[Event "Rhein Main op-A 14th"]
[Site "Bad Homburg"]
[Date "2011.06.22"]
[Round "1"]
[White "Werner, Claus"]
[Black "Rennhack, Peer"]
[Result "1-0"]
[WhiteElo "2231"]
[BlackElo "1971"]
[PlyCount "91"]
[EventDate "2011.06.22"]
[EventType "swiss"]
[EventRounds "7"]
[EventCountry "GER"]
[SourceTitle "EXT 2012"]
[Source "ChessBase"]
[SourceDate "2011.11.24"]
[SourceVersion "1"]
[SourceVersionDate "2011.11.24"]
[SourceQuality "1"]

1. e4 Nf6 2. e5 Nd5 3. d4 d6 4. c4 Nb6 5. exd6 exd6 6. Nc3 Nc6 7. Be3 Bf5 8. Rc1 Be7 9. Nf3 Bf6 10. h3 h6 11. Be2 0-0 12. 0-0 Re8 13. b3 a5 14. Qd2 a4 15. Rfd1 axb3 16. axb3 Ra3 17. Qb2 Ra8 18. Bf1 Nb4 19. Qd2 Ra3 20. d5 Rxb3 21. Nd4 Bxd4 22. Bxd4 Nd7 23. Nb5 Ne5 24. f4 Ned3 25. Ra1 c6 26. dxc6 bxc6 27. Na3 Qh4 28. Nc2 c5 29. Nxb4 Nxb4 30. Bf2 Qf6 31. Qxd6 Qxd6 32. Rxd6 Nc2 33. Rc1 Ne3 34. Bxe3 Rexe3 35. Rd5 Be4 36. Rxc5 Rb2 37. Rc8+ Kh7 38. Re8 f5 39. c5 Rg3 40. Rxe4 fxe4 41. c6 e3 42. c7 e2 43. c8Q exf1Q+ 44. Kxf1 Rbxg2 45. Qf5+ Rg6 46. Rc6 1-0

[Event "Hessen-ch Gr-C 65th"]
[Site "Gladenbach"]
[Date "2011.04.21"]
[Round "3"]
[White "Koch, Thomas2222"]
[Black "Rennhack, Peer"]
[Result "0-1"]
[WhiteElo "1938"]
[BlackElo "1955"]
[PlyCount "46"]
[EventDate "2011.04.20"]
[EventType "swiss"]
[EventRounds "7"]
[EventCountry "GER"]
[SourceTitle "CBM 142 Extra"]
[Source "ChessBase"]
[SourceDate "2011.06.27"]
[SourceVersion "1"]
[SourceVersionDate "2011.06.27"]
[SourceQuality "1"]

1. e4 Nf6 2. Nc3 d5 3. e5 Nfd7 4. d4 e6 5. Nf3 c5 6. Bb5 Nc6 7. Be3 cxd4 8. Bxd4 a6 9. Ba4 b5 10. Bb3 Qc7 11. 0-0 Nxd4 12. Nxd4 Nxe5 13. Re1 Be7 14. Bxd5 Rb8 15. Qh5 Ng6 16. Bxe6 fxe6 17. Nxe6 Bxe6 18. Rxe6 0-0 19. Nd5 Qa7 20. Qe2 Bc5 21. Rf1 Qd7 22. Rd1 Rxf2 23. Re8+ Qxe8 0-1

[Event "Hessen-ch Gr-C 65th"]
[Site "Gladenbach"]
[Date "2011.04.20"]
[Round "1"]
[White "Eibelshaeuser, Stefan"]
[Black "Rennhack, Peer"]
[Result "1-0"]
[WhiteElo "2026"]
[BlackElo "1955"]
[PlyCount "115"]
[EventDate "2011.04.20"]
[EventType "swiss"]
[EventRounds "7"]
[EventCountry "GER"]
[SourceTitle "CBM 142 Extra"]
[Source "ChessBase"]
[SourceDate "2011.06.27"]
[SourceVersion "1"]
[SourceVersionDate "2011.06.27"]
[SourceQuality "1"]

1. d4 Nf6 2. c4 g6 3. Nc3 Bg7 4. e4 d6 5. f3 0-0 6. Be3 Nbd7 7. Qd2 c5 8. d5 Qa5 9. Bh6 a6 10. Bxg7 Kxg7 11. g4 Rb8 12. Be2 b5 13. b3 bxc4 14. bxc4 e5 15. Bd3 Nb6 16. Nge2 Bd7 17. Kf2 Na4 18. Rhb1 Nxg4+ 19. fxg4 Bxg4 20. Qc2 Nxc3 21. Qxc3 Qd8 22. Bc2 f5 23. exf5 Bxf5 24. Bxf5 Rxf5+ 25. Kg2 Rxb1 26. Rxb1 Qg5+ 27. Ng3 Rf7 28. Rf1 Rxf1 29. Kxf1 h5 30. Kf2 h4 31. Nf1 Qf4+ 32. Ke2 g5 33. h3 g4 34. hxg4 Qxg4+ 35. Ke1 Kf6 36. Qd3 Qg2 37. Qe2 Qg5 38. Ne3 Ke7 39. Qf3 Qg1+ 40. Ke2 Qb1 41. Qf5 Qxa2+ 42. Kf3 Qh2 43. Qe6+ Kf8 44. Qxd6+ Kg8 45. Qg6+ Kf8 46. Qd6+ Kg8 47. Qxc5 Qf4+ 48. Ke2 e4 49. Qc8+ Kf7 50. Qe6+ Kf8 51. Qf5+ Qxf5 52. Nxf5 h3 53. Ng3 h2 54. Ke3 Ke7 55. Kxe4 Kd6 56. Kd4 a5 57. c5+ Kc7 58. Kc4 1-0

[Event "Rhein Main op 13th"]
[Site "Bad Homburg"]
[Date "2010.06.03"]
[Round "3"]
[White "Rennhack, Peer"]
[Black "Mussler, Thomas"]
[Result "1-0"]
[WhiteElo "1935"]
[BlackElo "2111"]
[PlyCount "117"]
[EventDate "2010.06.02"]
[EventType "swiss"]
[EventRounds "7"]
[EventCountry "GER"]
[SourceTitle "EXT 2011"]
[Source "ChessBase"]
[SourceDate "2010.11.26"]
[SourceVersion "1"]
[SourceVersionDate "2010.11.26"]
[SourceQuality "1"]

1. e4 c5 2. c3 e6 3. d4 d5 4. e5 Nc6 5. Nf3 Qb6 6. Bd3 Bd7 7. 0-0 f6 8. exf6 Nxf6 9. dxc5 Bxc5 10. b4 Bd6 11. Re1 0-0 12. Ng5 e5 13. Bxh7+ Nxh7 14. Qxd5+ Kh8 15. Be3 Ne7 16. Qe4 Bf5 17. Bxb6 Bxe4 18. Nxe4 Bxb4 19. cxb4 axb6 20. Nd6 Rad8 21. Rd1 Nc6 22. Nc3 Nd4 23. Nce4 Nf6 24. f3 Rd7 25. Nxf6 gxf6 26. Nf5 Rfd8 27. Nxd4 Rxd4 28. Rxd4 Rxd4 29. a3 Rd3 30. Kf1 Kg7 31. Ke2 Rb3 32. Ra2 Kg6 33. Kf2 b5 34. Kg3 Rc3 35. Kh4 Kf5 36. Kh5 Rc8 37. g4+ Kf4 38. Kg6 Rc6 39. h4 Kxf3 40. Kf5 e4 41. h5 e3 42. h6 Rc7 43. Rh2 Rc8 44. h7 Rh8 45. Rh3+ Kf2 46. Kxf6 e2 47. Rh2+ Kf3 48. Rxe2 Rxh7 49. Re7 Rh6+ 50. Kg5 Rd6 51. Re5 Rb6 52. Kf5 Ra6 53. Rxb5 Rxa3 54. g5 Kg3 55. Rxb7 Rf3+ 56. Ke6 Kh4 57. g6 Kg5 58. g7 Re3+ 59. Kd7 1-0

[Event "Hessen-ch Gr-D 64th"]
[Site "Bad Vilbel"]
[Date "2010.04.02"]
[Round "2"]
[White "Rennhack, Peer"]
[Black "Lietz, Helmuth"]
[Result "1-0"]
[WhiteElo "1674"]
[BlackElo "1608"]
[PlyCount "33"]
[EventDate "2010.03.31"]
[EventType "swiss"]
[EventRounds "5"]
[EventCountry "GER"]
[SourceTitle "EXT 2011"]
[Source "ChessBase"]
[SourceDate "2010.11.26"]
[SourceVersion "1"]
[SourceVersionDate "2010.11.26"]
[SourceQuality "1"]

1. e4 e5 2. Nf3 Nc6 3. Bb5 Nge7 4. 0-0 a6 5. Ba4 d6 6. c3 Bd7 7. d4 exd4 8. cxd4 Ng6 9. Nc3 Be7 10. Nd5 0-0 11. Bb3 Nh4 12. Nxe7+ Qxe7 13. Ng5 Ng6 14. Qh5 h6 15. Qxg6 hxg5 16. Bxg5 Qe8 17. Bf6 1-0